| 000 | 01483nam0a22002891 4500 | ||
|---|---|---|---|
| 001 | rc\421604 | ||
| 005 | 20030616170422.3 | ||
| 010 |
_a5-02-005281-7 _9800 |
||
| 035 | _a(NLR Aleph) 005669058 | ||
| 090 |
_a6954231 _c6954231 |
||
| 100 | _a20030616d1988 u |0rusy50 ca | ||
| 101 | 0 | _arus | |
| 102 | _aRU | ||
| 105 | _aa ||||||||| | ||
| 200 | 1 |
_aДействие ионизирующей радиации на биогеоценоз _f[Д.А. Криволуцкий, Ф.А. Тихомиров, Е.А. Федоров и др.] _gОтв. ред. М.С. Гиляров, Р.М. Алексахин _gАН СССР, Ин-т эволюц. морфологии и экологии животных им. А.Н. Северцова, Науч. совет по пробл. биогеоценологии и охраны природы |
|
| 210 |
_aМ. _cНаука _d1988 |
||
| 215 |
_a239, [1] с. _cил. _d22 |
||
| 300 | _aАвт. указаны на обороте тит. л. | ||
| 320 | _aБиблиогр.: с. 226-238 | ||
| 701 | 1 |
_aКриволуцкий _bД. А. _gДмитрий Александрович |
|
| 702 | 1 |
_aГиляров _bМ. С. _gМеркурий Сергеевич _4340 |
|
| 712 | 0 | 2 |
_aИнститут эволюционной морфологии и экологии животных им. А.Н.Северцова _cМосква _3RU\NLR\AUTH\884586 |
| 801 | 0 |
_aRU _bNLR _gpsbo |
|
| 801 | 1 |
_aRU _bELAR _2rusmarc |
|
| 852 |
_aNLR _j88-5/6095 |
||
| 942 | _cBOOK | ||
| 980 | _aNB | ||